Реструктуризация корпоративного образования на основе стратегического соответствия активов профилю бизнеса: автореферат диссертации на соискание ученой степени кандидата экономических наук; спец. 08.00.05

Λεπτομέρειες βιβλιογραφικής εγγραφής
Κύριος συγγραφέας: Ермашкевич Н. С. Наталья Сергеевна
Συγγραφή απο Οργανισμό/Αρχή: Новосибирский государственный университет экономики и управления (НГУЭУ) Кафедра экономики и предпринимательства
Άλλοι συγγραφείς: Басс А. Я. Александр Яковлевич (научный руководитель)
Περίληψη:Защита сост. 6 декабря 2013 г.
Γλώσσα:Ρωσικά
Έκδοση: Новосибирск, 2013
Θέματα:
Μορφή: Βιβλίο
KOHA link:https://koha.lib.tpu.ru/cgi-bin/koha/opac-detail.pl?biblionumber=248474

MARC

LEADER 00000nam0a2200000 4500
001 248474
005 20231101232406.0
035 |a (RuTPU)RU\TPU\book\270278 
090 |a 248474 
100 |a 20140123d2013 k y0rusy50 ca 
101 0 |a rus 
102 |a RU 
105 |a a dm 001zy 
200 1 |a Реструктуризация корпоративного образования на основе стратегического соответствия активов профилю бизнеса  |e автореферат диссертации на соискание ученой степени кандидата экономических наук  |e спец. 08.00.05  |f Н. С. Ермашкевич  |g Новосибирский государственный университет экономики и управления (НГУЭУ), Кафедра экономики и предпринимательства ; науч. рук. А. Я. Басс 
210 |a Новосибирск  |d 2013 
215 |a 22 с.  |c ил. 
300 |a Защита сост. 6 декабря 2013 г. 
320 |a Библиогр.: с. 22 (9 назв.). 
606 1 |a Предприятия  |x Реструктуризация  |2 stltpush  |3 (RuTPU)RU\TPU\subj\36680  |9 57973 
610 1 |a экономика 
610 1 |a экономическая теория 
610 1 |a корпоративное управление 
610 1 |a стратегическое управление 
610 1 |a бизнес 
610 1 |a активы 
610 1 |a эффективность 
610 1 |a авторефераты диссертаций 
686 |a У9(2)29  |v LBC/SL-A  |2 rubbk 
686 |a 08.00.05  |2 oksvnk 
700 1 |a Ермашкевич  |b Н. С.  |g Наталья Сергеевна 
702 1 |a Басс  |b А. Я.  |g Александр Яковлевич  |4 727 
712 0 2 |a Новосибирский государственный университет экономики и управления (НГУЭУ)  |b Кафедра экономики и предпринимательства  |2 stltpush  |3 (RuTPU)RU\TPU\col\10666 
801 1 |a RU  |b 63413507  |c 20140123 
801 2 |a RU  |b 63413507  |c 20140203  |g RCR 
942 |c BK